[Event "UKR-ch U20 Girls rapid"]
[Site "Lvov"]
[Date "2017.03.01"]
[Round "5"]
[White "Rudenko, Veronika"]
[Black "Barchuk, Irina"]
[Result "0-1"]
[WhiteElo "1936"]
[BlackElo "2078"]
[PlyCount "50"]
[EventDate "2017.03.01"]
[EventType "swiss (rapid)"]
[EventRounds "9"]
[EventCountry "UKR"]
[SourceTitle "EXT 2018"]
[Source "ChessBase"]
[SourceDate "2017.10.13"]
[SourceVersion "1"]
[SourceVersionDate "2017.10.13"]
[SourceQuality "1"]

1. d4 Nf6 2. c4 g6 3. Nc3 Bg7 4. e4 d6 5. Nf3 0-0 6. Be2 e5 7. 0-0 Nc6 8. d5 Ne7 9. a3 Nd7 10. b4 f5 11. Nd2 Nf6 12. Qb3 Kh8 13. Bf3 f4 14. h3 g5 15. c5 h5 16. Re1 g4 17. hxg4 hxg4 18. Be2 Nh5 19. Bc4 Ng6 20. Ne2 Qh4 21. Kf1 f3 22. Ng3 Nxg3+ 23. fxg3 Qh1+ 24. Kf2 fxg2+ 25. Ke2 Qxe1+ 0-1